岐阜県の市町村(1968年) - Statistics

General Stats
  • This quiz has been taken 16 times
  • The average score is 50 of 100
Answer Stats
コード 市町村 備考 % Correct
21201 岐阜市
100%
21204 多治見市
100%
21202 大垣市
93%
21203 高山市
93%
21210 恵那市
93%
21205 関市
86%
21206 中津川市
86%
21207 美濃市
86%
21209 羽島市
86%
21208 瑞浪市
79%
21211 美濃加茂市
79%
21212 土岐市
79%
21213 各務原市
79%
21383 安八郡安八町
79%
21341 養老郡養老町
71%
21342 養老郡上石津村 1969年昇格
71%
21361 不破郡垂井町
71%
21362 不破郡関ケ原町
71%
21302 羽島郡岐南町
64%
21321 海津郡海津町 2005年消滅
64%
21322 海津郡平田町 2005年消滅
64%
21323 海津郡南濃町 2005年消滅
64%
21382 安八郡輪之内町
64%
21303 羽島郡笠松町
57%
21304 羽島郡柳津町 2006年消滅
57%
21384 安八郡墨俣町 2006年消滅
57%
21402 揖斐郡谷汲村 2005年消滅
57%
21403 揖斐郡大野町
57%
21404 揖斐郡池田町
57%
21421 本巣郡北方町
57%
21422 本巣郡本巣町 2004年消滅
57%
21427 本巣郡根尾村 2004年消滅
57%
21501 加茂郡坂祝町
57%
21521 可児郡御嵩町
57%
21522 可児郡可児町 1982年昇格
57%
21569 恵那郡明智町 2004年消滅
57%
21604 大野郡白川村
57%
21301 羽島郡川島町 2004年消滅
50%
21381 安八郡神戸町
50%
21401 揖斐郡揖斐川町
50%
21407 揖斐郡藤橋村 2005年消滅
50%
21408 揖斐郡坂内村 2005年消滅
50%
21423 本巣郡穂積町 2003年消滅
50%
21426 本巣郡糸貫町 2004年消滅
50%
21502 加茂郡富加村 1974年昇格
50%
21503 加茂郡川辺町
50%
21505 加茂郡八百津町
50%
21523 可児郡兼山町 2005年消滅
50%
21561 恵那郡坂下町 2005年消滅
50%
21564 恵那郡付知町 2005年消滅
50%
21424 本巣郡巣南町 2003年消滅
43%
21463 武儀郡武芸川町 2005年消滅
43%
21481 郡上郡八幡町 2004年消滅
43%
21483 郡上郡白鳥町 2004年消滅
43%
21504 加茂郡七宗村 1971年昇格
43%
21506 加茂郡白川町
43%
21507 加茂郡東白川村
43%
21563 恵那郡加子母村 2005年消滅
43%
21567 恵那郡岩村町 2004年消滅
43%
21568 恵那郡山岡町 2004年消滅
43%
21581 益田郡萩原町 2004年消滅
43%
21583 益田郡下呂町 2004年消滅
43%
21584 益田郡金山町 2004年消滅
43%
21622 吉城郡国府町 2005年消滅
43%
21405 揖斐郡春日村 2005年消滅
36%
21406 揖斐郡久瀬村 2005年消滅
36%
21409 揖斐郡徳山村 1987年消滅
36%
21425 本巣郡真正町 2004年消滅
36%
21441 山県郡高富町 2003年消滅
36%
21442 山県郡伊自良村 2003年消滅
36%
21461 武儀郡洞戸村 2005年消滅
36%
21464 武儀郡武儀村 1971年昇格
36%
21482 郡上郡大和村 1985年昇格
36%
21484 郡上郡高鷲村 2004年消滅
36%
21485 郡上郡美並村 2004年消滅
36%
21487 郡上郡和良村 2004年消滅
36%
21541 土岐郡笠原町 2006年消滅
36%
21571 恵那郡上矢作町 2004年消滅
36%
21582 益田郡小坂町 2004年消滅
36%
21585 益田郡馬瀬村 2004年消滅
36%
21602 大野郡清見村 2005年消滅
36%
21603 大野郡荘川村 2005年消滅
36%
21605 大野郡宮村 2005年消滅
36%
21606 大野郡久々野町 2005年消滅
36%
21621 吉城郡古川町 2004年消滅
36%
21625 吉城郡神岡町 2004年消滅
36%
21443 山県郡美山町 2003年消滅
29%
21462 武儀郡板取村 2005年消滅
29%
21562 恵那郡川上村 2005年消滅
29%
21565 恵那郡福岡町 2005年消滅
29%
21607 大野郡朝日村 2005年消滅
29%
21608 大野郡高根村 2005年消滅
29%
21623 吉城郡河合村 2004年消滅
29%
21624 吉城郡宮川村 2004年消滅
29%
21465 武儀郡上之保村 2005年消滅
21%
21566 恵那郡蛭川村 2005年消滅
21%
21601 大野郡丹生川村 2005年消滅
21%
21626 吉城郡上宝村 2005年消滅
21%
21486 郡上郡奥明方村 1970年改称
14%
21570 恵那郡串原村 2004年消滅
14%
No matching quizzes found
Score Distribution
Percent of People with Each Score
Percentile by Number Answered
Your Score History
You have not taken this quiz